Biggest song on Spotify(by a female rapper) - Statistics

General Stats
  • This quiz has been taken 23 times
  • The average score is 15 of 25
Answer Stats
Rank Song Artist ( + feature) % Correct
4 WAP Cardi B feat Megan TS
100%
3 I Like It Cardi B feat Bad Bunny
94%
2 Woman Doja cat
88%
1 Kiss Me More Doja cat feat SZA
82%
5 Paint The Town Red Doja cat
82%
13 Bodak Yellow Cardi B
76%
8 Say So Doja cat
76%
6 Starships Nicki Minaj
76%
10 Truth Hurts Lizzo
76%
7 Need To Know Doja cat
71%
21 Please Me Cardi B feat Bruno Mars
71%
9 Streets Doja cat
71%
14 You Right Doja cat feat The Weeknd
65%
15 About Damn Time Lizzo
59%
11 Super Bass Nicki Minaj
59%
17 Up Cardi B
59%
16 Agora Hills Doja cat
53%
19 Good as Hell Lizzo
53%
18 Ain`t Shit Doja cat
41%
20 Get into it(yuh) Doja cat
35%
22 Money Cardi B
35%
12 Boss Bitch Doja cat
29%
25 Only Nicki Minaj feat Drake
29%
23 Super Freaky Girl Nicki Minaj
24%
24 Vegas Doja cat
18%
No matching quizzes found
Score Distribution
Percent of People with Each Score
Percentile by Number Answered
Your Score History
You have not taken this quiz